|
|
|
|
| LEADER |
01620nam a2200445 a 4500 |
| 001 |
nkc20051583680 |
| 003 |
CZ PrNK |
| 005 |
20060330082406.0 |
| 007 |
ta |
| 008 |
050927s2005 xr a e p 000 0 cze |
| 015 |
|
|
|a cnb001583680
|
| 020 |
|
|
|a 80-7251-194-7
|q (brož.)
|
| 035 |
|
|
|a (OCoLC)83978255
|
| 040 |
|
|
|a OLA001
|b cze
|d ABA001
|
| 072 |
|
7 |
|a 343.9
|x Kriminalistika
|2 Konspekt
|9 16
|
| 072 |
|
7 |
|a 37.016
|x Učební osnovy. Vyučovací předměty. Učebnice
|2 Konspekt
|9 22
|
| 080 |
|
|
|a 343.132
|2 MRF
|
| 080 |
|
|
|a 343.611
|2 MRF
|
| 080 |
|
|
|a (075.8)
|2 MRF
|
| 100 |
1 |
|
|a Stach, Jan,
|d 1951-2011
|7 jn20010309343
|4 aut
|
| 245 |
1 |
0 |
|a Metodika vyšetřování vražd /
|c Jan Stach
|
| 250 |
|
|
|a Vyd. 1.
|
| 260 |
|
|
|a Praha :
|b Vydavatelství PA ČR,
|c 2005
|
| 300 |
|
|
|a 56 s. :
|b il. ;
|c 21 cm
|
| 500 |
|
|
|a Na obálce nad názvem: Policejní akademie České republiky, Katedra kriminalistiky
|
| 500 |
|
|
|a 300 výt.
|
| 504 |
|
|
|a Obsahuje bibliografii a bibliografické odkazy
|
| 650 |
0 |
7 |
|a policejní vyšetřování
|7 ph158343
|2 czenas
|
| 650 |
0 |
7 |
|a vraždy
|7 ph116633
|2 czenas
|
| 650 |
0 |
9 |
|a police enquiry
|2 eczenas
|
| 650 |
0 |
9 |
|a murders
|2 eczenas
|
| 655 |
|
7 |
|a učebnice vysokých škol
|7 fd133772
|2 czenas
|
| 655 |
|
9 |
|a textbooks (higher)
|2 eczenas
|
| 710 |
2 |
|
|a Policejní akademie České republiky.
|b Katedra kriminalistiky
|7 kn20020321432
|
| 910 |
2 |
|
|a BOA001
|b 2-1162.597
|
| 928 |
9 |
|
|a Vydavatelství Policejní akademie České republiky
|
| 990 |
|
|
|a BK
|
| 995 |
|
|
|a 01
|
| 991 |
|
|
|b 200602
|c NOV
|
| 996 |
6 |
|
|b 2610270529
|c 2-1162.597
|l MZK
|r Sklad / do 1 hodiny
|n 7
|p p.v.
|w 000804757
|u 000010
|a 1
|e BOA001
|j MZK50
|s P
|